| 000 | 00986nam a22002417a 4500 | ||
|---|---|---|---|
| 999 |
_c64730 _d64730 |
||
| 005 | 20240530110747.0 | ||
| 008 | 181208s2017 a g b 000 0 ara d | ||
| 017 |
_a2016/11092 _bمصر. دار الكتب |
||
| 020 | _a9789776567092 | ||
| 040 |
_aEG-CaGPL _cEG-CaGPL |
||
| 082 | 0 | 4 |
_221 _a345.06\ _bع ت |
| 100 | 0 | _aعمار عباس الحسينى | |
| 245 | 1 | 2 |
_aالتصوير المرئى والتسجيل الصوتى وحجيتهما فى الاثبات الجنائى : _bدراسة مقارنة فى ضوء التشريعات واجتهادات الفقه والقضاء / _cعمار عباس الحسينى . |
| 250 | _aط.1 | ||
| 260 |
_aالقاهرة : _c2017 . |
||
| 300 |
_a295 ص. ؛ _c24 سم. |
||
| 504 | _aيشتمل على ارجاعات ببليوجرافية | ||
| 650 | 0 | 7 |
_2qrmak _aالقانون الفرنسى |
| 650 | 0 | 7 |
_aالتصوير المرئى _2qrmak |
| 651 | _2qrmak | ||
| 942 |
_2ddc _cBK |
||